Traité de finances (Record no. 68533)
[ view plain ]
| 000 -LEADER | |
|---|---|
| campo de control de longitud fija | 00664nam a22001935i 4500 |
| 001 - NÚMERO DE CONTROL | |
| campo de control | 68533 |
| 003 - IDENTIFICADOR DE NÚMERO DE CONTROL | |
| campo de control | ES-MaACL |
| 005 - FECHA Y HORA DE LA ÚLTIMA TRANSACCIÓN | |
| campo de control | 20250822063129.0 |
| 007 - CAMPO FIJO DE DESCRIPCIÓN FÍSICA--INFORMACIÓN GENERAL | |
| campo de control de longitud fija | t| |
| 008 - DATOS DE LONGITUD FIJA--INFORMACIÓN GENERAL | |
| campo de control de longitud fija | 960808s1872 fr ||||1| fre d |
| 040 ## - FUENTE DE CATALOGACIÓN | |
| Centro catalogador/agencia de origen | CAM |
| Lengua de catalogación | spa |
| Centro/agencia transcriptor | CAM |
| 100 1# - ENTRADA PRINCIPAL--NOMBRE DE PERSONA | |
| Nombre de persona | Garnier, Joseph, |
| Fechas asociadas al nombre | 1813-1881 |
| 9 (RLIN) | 154520 |
| 245 10 - MENCIÓN DEL TÍTULO | |
| Título | Traité de finances |
| Resto del título | : l'impot generale ... : notes et notices complementaires historiques et statistiques / |
| Mención de responsabilidad, etc. | par Joseph Garnier. |
| 250 ## - MENCION DE EDICION | |
| Mención de edición | 3ª éd. |
| 260 ## - PUBLICACIÓN, DISTRIBUCIÓN, ETC. | |
| Lugar de publicación, distribución, etc. | Paris : |
| Nombre del editor, distribuidor, etc. | Garnier frères : |
| -- | Guillaumin et Cie., |
| Fecha de publicación, distribución, etc. | 1872 ( |
| Fabricante | imp. Simon Racon et Comp.) |
| 300 ## - DESCRIPCIÓN FÍSICA | |
| Extensión | VIII, 567 p. ; |
| Dimensiones | 22 cm. |
| 852 ## - LOCALIZACIÓN | |
| Ubicación | ES-MaACL |
| Número de control de estantería | C-3009 |
| Estatus retirado | Estado de pérdida | Estado de daño | No para préstamo | Colección | Biblioteca de origen | Biblioteca actual | Ubicación en estantería | Fecha de adquisición | Fuente de adquisición | Total de préstamos | Signatura topográfica completa | Código de barras | Visto por última vez | Precio de reemplazo | Tipo de ítem Koha |
|---|---|---|---|---|---|---|---|---|---|---|---|---|---|---|---|
| Libros del s. XIX | Biblioteca del Ateneo de Madrid | Biblioteca del Ateneo de Madrid | Sala Palomar | 17/01/2008 | C-3009 | 1071743 | 23/02/2023 | 23/02/2023 | Libro impreso antiguo |
